| 000 | 00865nam a22003017a 4500 | ||
|---|---|---|---|
| 003 | CHAP | ||
| 005 | 20220329140953.0 | ||
| 008 | 971013s1961 r 00010 d | ||
| 010 | _a60684 | ||
| 011 | _a61656 | ||
| 035 | _a65824 | ||
| 040 | _cCHAP | ||
| 082 |
_a658.83 _bL82 |
||
| 100 | 0 | 0 |
_aLuck, David J. _968895 |
| 245 | _aMarketing research | ||
| 250 | _a2 ed. | ||
| 260 |
_aEnglewood Cliffs. : _bPrentice-Hall, _c1961 |
||
| 300 | _a541 p. | ||
| 590 |
_aBATCH-UPD _b10 _c20130110 _lUCH01 _h0506 |
||
| 590 |
_aBATCH-UPD _b10 _c20130410 _lUCH01 _h0144 |
||
| 590 |
_aBATCH-UPD _b10 _c20130914 _lUCH01 _h1735 |
||
| 590 |
_aCONVERSION _b10 _c20130109 _lUCH01 _h1333 |
||
| 650 | 1 | 4 |
_aMercados _xInvestigación. _974930 |
| 700 | 0 |
_aWales, Hugh G. _9120848 |
|
| 901 | _aBK | ||
| 942 | _cLIBRO | ||
| 949 |
_a658.83 L82 _bBC _cLIBRO _d33724000118709 _eLIBRO _h28172 _i65824 _si |
||
| 999 |
_c60684 _d60684 |
||